Statistics for State Capitols with Golden Domes

Click here to take the quiz!

General Stats

  • This quiz has been taken 20 times
  • The average score is 6 of 11

Answer Stats

Answer% Correct
Georgia
71%
Colorado
65%
Connecticut
65%
Massachusetts
65%
Vermont
65%
New Hampshire
53%
West Virginia
53%
Wyoming
53%
Iowa
47%
Nebraska
41%
New Jersey
41%

Score Distribution

Percentile by Number Answered

Percent of People with Each Score

Your Score History

You have not taken this quiz